000 00963nam a2200469Ia 4500
001 11653
003 22968
005 20240715172438.0
008 ||||||n9999 ||| || ||
020 _a8420614777
041 _aspa
082 _219
_a907.2
100 _aPopper, Karl
_91394
245 0 _aLa miseria del historicismo
260 _aEspaƱa :
_bAlianza Universidad,
_c1981.
300 _a181p
490 _aHumanidades
_v477
562 _e1
650 _aHISTORIA
_919370
942 _cBKM
942 _cBKM
999 _c11653
_d11653
526 _a
526 _a17598
526 _a102617
526 _a102618
526 _a15794
526 _a102619
526 _a1703
526 _a102620
526 _a10406
526 _a105630
526 _a1698
526 _a116204
526 _a51868
526 _a4969
526 _a19790
526 _a104436
526 _a5144
526 _a1697
526 _a3899
526 _a9683